Groups 1-8 of the Periodic Table - Statistics

General Stats
  • This quiz has been taken 66 times
  • The average score is 33 of 49
Answer Stats
Hint Answer % Correct
Li Lithium
100%
Mg Magnesium
98%
Al Aluminium
94%
K Potassium
94%
Be Beryllium
92%
B Boron
92%
Na Sodium
92%
Ca Calcium
90%
C Carbon
90%
O Oxygen
86%
Ra Radium
84%
Fr Francium
82%
Ga Gallium
82%
N Nitrogen
82%
Si Silicon
82%
F Fluorine
80%
Cs Caesium
76%
He Helium
76%
Ar Argon
73%
Ne Neon
73%
Rb Rubidium
73%
Xe Xenon
73%
S Sulfur
71%
Sn Tin
71%
Cl Chlorine
69%
Pb Lead
69%
Ba Barium
67%
Br Bromine
67%
In Indium
67%
I Iodine
67%
Kr Krypton
67%
P Phosphorus
67%
Ge Germanium
65%
Rn Radon
65%
Sr Strontium
65%
Ti Titanium
65%
As Arsenic
63%
Se Selenium
55%
Po Polonium
51%
Bi Bismuth
45%
Sb Antimony
41%
At Astatine
41%
Nh Nihonium
39%
Te Tellurium
35%
Lv Livermorium
33%
Og Oganesson
33%
Fl Flerovium
31%
Mc Moscovium
29%
Ts Tennessine
29%
No matching quizzes found
Score Distribution
Percent of People with Each Score
Percentile by Number Answered
Your Score History
You have not taken this quiz